Puntuación sin misterios diez guías, diez propuestas de trabajo y diez respuestas sobre la forma más clara de escribir frases y párrafos y el uso preciso de los signos (Registro nro. 180941)

Detalles MARC
000 -ENCABEZADO
Número de control [NR] 01088nam a22002657a 4500
005 - FECHA Y HORA DE LA ÚLTIMA TRANSACCIÓN
control field 20140903174928.0
008 - DE LONGITUD FIJA DE DATOS DE ELEMENTOS - INFORMACIÓN GENERAL
Elementos de longitud fija [NR] 131017s2010 ck frn 000 0dsp
020 ## - NUMERO INTERNACIONAL NORMALIZADO PARA LIBROS [R]
Número Internacional Normalizado del libro [NR] 9789587099706
040 ## - FUENTE DE CATALOGACION [NR]
Agencia de catalogación original [NR] CO-BoUCM
Idioma de catalogación [NR] spa
Quien Cataloga
Quien Clasifica Aldemar Mondragón
041 00 - CODIGO DE IDIOMA [R]
Código de idioma para texto/pista de sonido o título separado [R] Español
100 1# - ASIENTO PRINCIPAL--NOMBRE PERSONAL [NR]
Nombre personal [NR] Ávila, Fernando
ID Autoridad 41135
245 10 - MENCION DE TITULO [NR]
Título [NR] Puntuación sin misterios diez guías, diez propuestas de trabajo y diez respuestas sobre la forma más clara de escribir frases y párrafos y el uso preciso de los signos
Mención de responsabilidad, etc. [NR] Fernando Ávila ; asesoria Diana Rojas Buitrago, Luisa Fernanda Rojas
260 ## - PUBLICACION, DISTRIBUCION, ETC. (PIE DE IMPRENTA) [R]
Lugar de publicación, distribución, etc. [R] Bogotá (Colombia)
Nombre del editor, distribuidor, etc. [R] Intermedio
Fecha de publicación, distribución, etc. [R] 2010
300 ## - DESCRIPCION FISICA [R]
Extensión [R] 167 páginas
490 0# - MENCION DE SERIE [R]
Mención de serie [R] La Vuelta al Español on Ochenta Guías
504 ## - NOTA DE BIBLIOGRAFIA, ETC. [R]
Nota de bibliografía, etc. [NR] Incluye referencias bibliográficas
650 #7 - ASIENTO SECUNDARIO DE MATERIA - TERMINO TEMATICO [R]
Término temático o nombre geográfico como elemento de entrada [NR] Español
Subdivisión general [R] Gramática
9 (RLIN) 48907
650 #7 - ASIENTO SECUNDARIO DE MATERIA - TERMINO TEMATICO [R]
Término temático o nombre geográfico como elemento de entrada [NR] Gramática
9 (RLIN) 16516
650 #7 - ASIENTO SECUNDARIO DE MATERIA - TERMINO TEMATICO [R]
Término temático o nombre geográfico como elemento de entrada [NR] Ortografía
9 (RLIN) 20914
690 ## - ASUNTO AGREGADO LOCAL DE ENTRADA - TÉRMINO TEMÁTICO (OCLC, RLIN)
9 (RLIN) 42858
Acceso temático local Lingüística aplicada
700 1# - ASIENTO SECUNDARIO - NOMBRE PERSONAL [R]
Nombre personal [NR] Rojas Buitrago, Diana
9 (RLIN) 47847
700 1# - ASIENTO SECUNDARIO - NOMBRE PERSONAL [R]
Nombre personal [NR] Rojas, Luisa Fernanda
9 (RLIN) 47848
942 ## - ELEMENTOS DE ENTRADA AGREGADOS (KOHA)
Tema principal Lingüística
Tipo de ítem principal el descrito en 300a Libro
Edición 1
Parte restante de la signatura top. A958p
Sistema de clasificación DEWEY
Clasificación 465
Existencias
Fecha de último préstamo Total préstamos Total Renewals Signatura topográfica Código de barras Última vez visto Ejemplar Costo de reposición Price effective from Tipo de ítem Perdido Sistema de clasificación Dañado No prestable Tipo de ítem específico Suprimido Ubicación habitual Ubicación actual Localización Fecha de creación Proveedor Forma de adquisición Costo
25/02/2020 11 5 465 A958p 100137162 05/12/2025 Ej.1 25500.00 15/10/2013 Libro   DEWEY     Libro   Claustro Claustro 2do piso 15/10/2013 10 Compra 25500.00